[Event "FIDE World Bl Team Pool A"]
[Site "London ENG"]
[Date "2025.06.14"]
[Round "10.3"]
[White "Jakhria, Kushal"]
[Black "Badescu, Matei-Andrei"]
[Result "1-0"]
[WhiteTitle "CM"]
[WhiteElo "2011"]
[BlackElo "1947"]
[WhiteTeam "Chess Trust Accelerators"]
[BlackTeam "xChess.AI"]
[WhiteFideId "497444"]
[BlackFideId "42213096"]
[EventDate "2025.06.14"]
[EventType "team"]

1. d4 d5 2. c4 e6 3. Nf3 Nf6 4. g3 Be7 5. Bg2 O-O 6. O-O dxc4 7. Qc2 a6 8. a4
Bd7 9. Qxc4 Bc6 10. Bg5 Bd5 11. Qc2 Be4 12. Qc1 Nbd7 13. Nc3 Bxf3 14. Bxf3 c6
15. a5 Nd5 16. Bxe7 Qxe7 17. e4 N5f6 18. Re1 Qd8 19. e5 Nd5 20. Be4 f5 21. exf6
Qxf6 22. Qd2 Rf7 23. f4 Qh6 24. Qe2 Rf6 25. Qg4 Nf8 26. Nxd5 exd5 27. Bd3 Ne6
28. Re5 g6 29. Rxe6 Rf7 30. Rae1 Raf8 31. Bxg6 Rg7 32. Bf7+ Kxf7 33. Qf5+ Kg8
34. Qxf8+ Kxf8 35. Rxh6 Rg6 36. Rxh7 Rg7 37. Re8+ Kf7 38. Re7+ Kxe7 39. Rxg7+ 1-0

[Event "FIDE World Bl Team Pool A"]
[Site "London ENG"]
[Date "2025.06.14"]
[Round "10.4"]
[White "Sava, Christiansen-Danut-Eugen"]
[Black "Dicen, Elis Denele"]
[Result "0-1"]
[WhiteTitle "FM"]
[BlackTitle "WFM"]
[WhiteElo "2002"]
[BlackElo "2136"]
[WhiteTeam "xChess.AI"]
[BlackTeam "Chess Trust Accelerators"]
[WhiteFideId "1210114"]
[BlackFideId "462560"]
[EventDate "2025.06.14"]
[EventType "team"]

1. b4 d5 2. Bb2 Nf6 3. Nf3 Bf5 4. e3 e6 5. b5 Be7 6. Be2 h6 7. O-O O-O 8. a4 c5
9. c4 Nbd7 10. a5 Rc8 11. a6 b6 12. d3 Re8 13. Nbd2 Bh7 14. Qc2 Bd6 15. g3 Qe7
16. e4 dxe4 17. dxe4 e5 18. Ra3 Nf8 19. Ne1 Ne6 20. Ng2 Nd4 21. Qd3 Rcd8 22. Bd1
Bb8 23. Qe3 Rd7 24. f3 Red8 25. Nb1 Nxb5 26. cxb5 Rxd1 27. Nc3 Rxf1+ 28. Kxf1
Bd6 29. Ra1 c4 30. Nd5 Nxd5 31. exd5 Qc7 32. Bc3 Bd3+ 33. Ke1 f6 34. Rd1 Qf7 35.
Rxd3 cxd3 36. Qxd3 Bc5 37. f4 Qxd5 0-1

[Event "FIDE World Bl Team Pool A"]
[Site "London ENG"]
[Date "2025.06.14"]
[Round "10.5"]
[White "Volovich, Julia"]
[Black "Badescu, Eliza-Ioana"]
[Result "1-0"]
[WhiteElo "1945"]
[BlackElo "1832"]
[WhiteTeam "Chess Trust Accelerators"]
[BlackTeam "xChess.AI"]
[WhiteFideId "447099"]
[BlackFideId "42214890"]
[EventDate "2025.06.14"]
[EventType "team"]

1. d4 d5 2. c4 e6 3. Nc3 Nf6 4. cxd5 exd5 5. Bg5 Be7 6. e3 Bf5 7. Qf3 Be6 8. Bd3
c6 9. h3 Nbd7 10. Nge2 c5 11. Nf4 cxd4 12. Nxe6 fxe6 13. exd4 Qb6 14. O-O Qxd4
15. Nb5 Qb6 16. Be3 Qd8 17. Rac1 Ne5 18. Qe2 Nxd3 19. Qxd3 Bd6 20. Rfe1 O-O 21.
Bg5 Qd7 22. Nd4 e5 23. Nb5 Bb8 24. Nc3 d4 25. Bxf6 Rxf6 26. Ne4 Rc6 27. Qb3+ Kh8
28. Nc5 Qc7 29. Qd5 Qd6 30. Rxe5 Qxd5 31. Rxd5 h6 32. Nd3 Rxc1+ 33. Nxc1 Bf4 34.
Ne2 Bg5 35. Nxd4 Re8 36. Nf3 Re2 37. Nxg5 hxg5 38. Rb5 b6 39. a4 Kg8 40. Kf1 Rc2
41. a5 bxa5 42. Rxg5 Rxb2 43. Rxa5 Rb7 44. g4 Kf7 45. h4 Kg6 46. Kg2 Rb4 47. Kg3
Rb3+ 48. f3 Rb7 49. h5+ Kf7 50. g5 Ke7 51. Kg4 Kd7 52. Ra6 Kc8 53. f4 Re7 54. h6
gxh6 55. gxh6 Kb7 56. Rf6 a5 57. Rf5 Kb6 58. Kg5 a4 59. Rf8 Ra7 60. Re8 a3 61.
Re1 Kc5 62. Kg6 a2 63. h7 Ra8 64. Kg7 Ra7+ 65. Kg6 Ra8 66. f5 Kc4 67. f6 Kc3 68.
Kg7 Ra7+ 69. f7 Kd4 70. h8=Q a1=Q 71. Rxa1 Rxa1 72. Kg6+ Kd5 73. Qxa1 1-0

[Event "FIDE World Bl Team Pool A"]
[Site "London ENG"]
[Date "2025.06.14"]
[Round "10.6"]
[White "Platschek, Luca"]
[Black "Kendall, Arthur"]
[Result "1-0"]
[WhiteElo "1626"]
[BlackElo "1883"]
[WhiteTeam "xChess.AI"]
[BlackTeam "Chess Trust Accelerators"]
[WhiteFideId "1289888"]
[BlackFideId "343410960"]
[EventDate "2025.06.14"]
[EventType "team"]

1. b4 Nf6 2. Bb2 g6 3. Nf3 Bg7 4. e3 O-O 5. Be2 d6 6. O-O c5 7. a3 Bg4 8. h3 Bf5
9. d3 Qc7 10. c4 Ne8 11. Bxg7 Nxg7 12. Nc3 Be6 13. Nb5 Qc8 14. Qc2 a6 15. Nc3
Nd7 16. Rfd1 h6 17. Bf1 Kh7 18. Ne2 cxb4 19. axb4 b5 20. Rac1 bxc4 21. dxc4 a5
22. b5 Nc5 23. Nfd4 Bd7 24. Nc3 Nf5 25. Nd5 Nxd4 26. exd4 Qd8 27. dxc5 e6 28.
Nb6 Ra7 29. Nxd7 Rxd7 30. c6 Ra7 31. c5 d5 32. b6 Ra8 33. c7 Qe7 34. c6 a4 35.
b7 Ra5 36. c8=Q a3 37. b8=Q Rxc8 38. Qxc8 a2 39. Ra1 Qf6 40. Rxa2 Rb5 41. Bxb5
d4 42. Qd3 e5 43. Qd7 Qg7 44. Ra7 e4 45. Qxf7 e3 46. Qxg7# 1-0

[Event "FIDE World Bl Team Pool A"]
[Site "London ENG"]
[Date "2025.06.14"]
[Round "10.1"]
[White "Eren, Ataberk"]
[Black "Chinguun, Sumiya"]
[Result "1-0"]
[WhiteTitle "IM"]
[BlackTitle "FM"]
[WhiteElo "2423"]
[BlackElo "2415"]
[WhiteTeam "Satranc Istanbul"]
[BlackTeam "The MongolZ"]
[WhiteFideId "6349765"]
[BlackFideId "4902572"]
[EventDate "2025.06.14"]
[EventType "team"]

1. Nf3 Nf6 2. g3 g6 3. Bg2 Bg7 4. O-O O-O 5. c4 d6 6. Nc3 c6 7. d4 Bf5 8. b3 Ne4
9. Bb2 Nxc3 10. Bxc3 Be4 11. Qd2 Nd7 12. Bh3 Bxf3 13. exf3 d5 14. Rfe1 e6 15. c5
Re8 16. b4 b6 17. Bf1 e5 18. b5 exd4 19. Bxd4 Bxd4 20. Qxd4 bxc5 21. Qd2 Qb6 22.
a4 Ne5 23. Qf4 Qc7 24. bxc6 Re7 25. Rad1 d4 26. Rc1 Rae8 27. Kg2 Qxc6 28. Bb5
Qb7 29. Bxe8 Nd3 30. Qd2 Nxc1 31. Qxc1 d3 32. Bb5 Rxe1 33. Qxe1 Qd5 34. Qd2 c4
35. h4 Qd4 36. Qe1 d2 37. Qd1 c3 38. Be2 Qb4 39. Qc2 Qb2 40. Bd1 h5 41. Qe4 Qc1
42. Qc2 Kg7 43. f4 Qa3 44. Qb3 Qc5 45. Qc2 Qd4 46. Kg1 a5 47. Qb3 Qc5 48. Qc2
Qe7 49. Qxc3+ Kh7 50. Qxd2 Qc5 51. Qd3 Qb4 52. f5 Kg7 53. fxg6 fxg6 54. Bc2 Kh8
55. Kg2 Qc5 56. Qe4 Qb6 57. Bd3 Qc5 58. Qe8+ Kg7 59. Qxg6+ Kf8 60. Qf5+ 1-0

[Event "FIDE World Bl Team Pool A"]
[Site "London ENG"]
[Date "2025.06.14"]
[Round "10.2"]
[White "Reimanis, Ritvars"]
[Black "Makaraci, Tunahan"]
[Result "1-0"]
[WhiteTitle "IM"]
[BlackTitle "FM"]
[WhiteElo "2355"]
[BlackElo "2233"]
[WhiteTeam "The MongolZ"]
[BlackTeam "Satranc Istanbul"]
[WhiteFideId "11602988"]
[BlackFideId "6356559"]
[EventDate "2025.06.14"]
[EventType "team"]

1. d4 d5 2. Nf3 Nf6 3. c4 e6 4. Nc3 c5 5. cxd5 exd5 6. g3 Nc6 7. Bg2 cxd4 8.
Nxd4 Bc5 9. Nxc6 bxc6 10. O-O O-O 11. e4 Ba6 12. exd5 Bxf1 13. Kxf1 cxd5 14.
Nxd5 Nxd5 15. Bxd5 Qf6 16. Qf3 Qxf3 17. Bxf3 Rab8 18. b3 Bd4 19. Rb1 Rbc8 20.
Be4 Rfd8 21. Bg5 f6 22. Bf4 Bb6 23. h4 Rc5 24. b4 Rc4 25. Bf5 Rcd4 26. Ke2 g6
27. Bc2 Kg7 28. a4 Rc4 29. Bd1 Re8+ 30. Kf1 Ree4 31. a5 Bc7 32. Bf3 Rxb4 33.
Rxb4 Rxb4 34. Bxc7 Kf7 35. a6 Ke6 36. Bf4 Ra4 37. Bb7 Kf5 38. Be3 1-0

[Event "FIDE World Bl Team Pool A"]
[Site "London ENG"]
[Date "2025.06.14"]
[Round "10.3"]
[White "Eken, Atakan"]
[Black "Itgelt, Khuyagtsogt"]
[Result "0-1"]
[BlackTitle "IM"]
[WhiteElo "2010"]
[BlackElo "2425"]
[WhiteTeam "Satranc Istanbul"]
[BlackTeam "The MongolZ"]
[WhiteFideId "6375626"]
[BlackFideId "4902912"]
[EventDate "2025.06.14"]
[EventType "team"]

1. e4 e6 2. d4 d5 3. Nd2 c5 4. exd5 exd5 5. Ngf3 Nc6 6. c3 Nf6 7. dxc5 Bxc5 8.
Nb3 Bb6 9. h3 Ne4 10. Nbd4 O-O 11. Bd3 Nxd4 12. Nxd4 Bxd4 13. cxd4 Qa5+ 14. Kf1
Bd7 15. Be3 f5 16. Bxe4 fxe4 17. Qd2 Qa4 18. b3 Qa6+ 19. Ke1 Rac8 20. a4 Bb5 21.
Rc1 Bd3 22. Bf4 Qb6 23. Be5 h6 24. f3 Rxc1+ 25. Qxc1 Qxb3 26. Kf2 exf3 27. gxf3
Be4 28. f4 Qf3+ 29. Ke1 Qxh1+ 0-1

[Event "FIDE World Bl Team Pool A"]
[Site "London ENG"]
[Date "2025.06.14"]
[Round "10.4"]
[White "Nomin-Erdene, Davaademberel"]
[Black "Tahaoglu, Ugur Barkin"]
[Result "1-0"]
[WhiteTitle "IM"]
[WhiteElo "2293"]
[BlackElo "2015"]
[WhiteTeam "The MongolZ"]
[BlackTeam "Satranc Istanbul"]
[WhiteFideId "4900782"]
[BlackFideId "6303331"]
[EventDate "2025.06.14"]
[EventType "team"]

1. f4 d5 2. Nf3 Nf6 3. g3 g6 4. Bg2 Bg7 5. O-O O-O 6. d3 c5 7. c3 Nc6 8. Na3 b6
9. Qc2 Ba6 10. Rd1 Qc7 11. Bd2 Rad8 12. Rac1 e5 13. fxe5 Nxe5 14. Bf4 Nh5 15.
Bxe5 Bxe5 16. Nxe5 Qxe5 17. e4 dxe4 18. dxe4 Nf6 19. Nb1 Ng4 20. Re1 Bd3 21. Qa4
Bxb1 22. Rxb1 Rd2 23. Qc4 Rfd8 24. Qf1 Rf2 25. Qxf2 Nxf2 26. Kxf2 Rd2+ 27. Re2
Rxe2+ 28. Kxe2 Qe6 29. a3 Qc4+ 30. Kd2 f6 31. Re1 a5 32. Bf1 Qb3 33. Kc1 Qa2 34.
Kc2 Qe6 35. b3 Qg4 36. e5 Qf5+ 37. Bd3 Qf2+ 38. Re2 Qf3 39. e6 Kf8 40. e7+ Kg7
41. e8=Q 1-0

[Event "FIDE World Bl Team Pool A"]
[Site "London ENG"]
[Date "2025.06.14"]
[Round "10.5"]
[White "Saygili, Adnan Mesih"]
[Black "Ulziikhishig Khishigbat"]
[Result "0-1"]
[BlackTitle "FM"]
[WhiteElo "1692"]
[BlackElo "2266"]
[WhiteTeam "Satranc Istanbul"]
[BlackTeam "The MongolZ"]
[WhiteFideId "44553129"]
[BlackFideId "4908120"]
[EventDate "2025.06.14"]
[EventType "team"]

1. d4 Nf6 2. Bf4 e6 3. e3 d5 4. Nf3 Bd6 5. Bg3 O-O 6. Bd3 c5 7. c3 Nc6 8. Nbd2
Re8 9. O-O e5 10. dxe5 Nxe5 11. Nxe5 Bxe5 12. Nf3 Bxg3 13. hxg3 Bg4 14. Be2 Qb6
15. Qb3 Qc7 16. Rfd1 h6 17. Rd2 a6 18. Rad1 b5 19. a4 Rab8 20. Qc2 Be6 21. b4
Ne4 22. Rd3 cxb4 23. axb5 bxc3 24. Nd4 axb5 25. Rb1 b4 26. Bf3 Nc5 27. Nxe6 fxe6
28. Rd4 Qa5 29. e4 b3 30. Qe2 c2 31. Rc1 Qa3 0-1

[Event "FIDE World Bl Team Pool A"]
[Site "London ENG"]
[Date "2025.06.14"]
[Round "10.6"]
[White "Araya Fuentes, Cristian"]
[Black "Demir, Aleyna"]
[Result "1-0"]
[WhiteElo "1921"]
[BlackElo "1651"]
[WhiteTeam "The MongolZ"]
[BlackTeam "Satranc Istanbul"]
[WhiteFideId "6502946"]
[BlackFideId "6378323"]
[EventDate "2025.06.14"]
[EventType "team"]

1. e4 d5 2. exd5 Qxd5 3. Nc3 Qa5 4. Bc4 c6 5. Nf3 Nf6 6. h3 Qc7 7. d4 Bf5 8. O-O
Nbd7 9. Ne2 e6 10. Bf4 Bd6 11. Bxd6 Qxd6 12. c3 Nb6 13. Bb3 Nbd5 14. Ng3 Bg6 15.
Ne5 O-O-O 16. Bc2 Qc7 17. a4 Bxc2 18. Qxc2 h5 19. b4 g5 20. b5 h4 21. Ne2 Nf4
22. bxc6 bxc6 23. Nxf4 gxf4 24. Qe2 Nd5 25. Rab1 Rdg8 26. Qa6+ Kd8 27. Rb7 Qc8
28. Nxc6+ Ke8 29. Ne5 Nc7 30. Qc6+ Kd8 31. Qd6+ Ke8 32. Rxc7 Qa8 33. Qe7# 1-0

[Event "FIDE World Bl Team Pool A"]
[Site "London ENG"]
[Date "2025.06.14"]
[Round "10.1"]
[White "Hansen, Eric"]
[Black "Oro, Faustino"]
[Result "1-0"]
[WhiteTitle "GM"]
[BlackTitle "IM"]
[WhiteElo "2609"]
[BlackElo "2465"]
[WhiteTeam "ChessbrahTV"]
[BlackTeam "Turkish Airlines Sports Club"]
[WhiteFideId "2606771"]
[BlackFideId "20000197"]
[EventDate "2025.06.14"]
[EventType "team"]

1. e4 e5 2. Nf3 Nc6 3. Bc4 Bc5 4. c3 Nf6 5. d3 O-O 6. O-O h6 7. Re1 d6 8. h3 a5
9. Nbd2 Be6 10. b3 Ba7 11. Nf1 Re8 12. Ng3 d5 13. Bb5 Bd7 14. a4 Nb8 15. exd5
Nxd5 16. Bd2 Qf6 17. d4 c6 18. Ne4 Qd8 19. Bc4 exd4 20. Nxd4 Bxd4 21. cxd4 b6
22. Qf3 Be6 23. Qg3 Kh8 24. Rac1 Nd7 25. Nd6 Rf8 26. Bd3 c5 27. dxc5 Nxc5 28.
Bc4 Nf6 29. Bc3 Bxc4 30. bxc4 Nxa4 31. Ba1 Ra7 32. Nf5 Rg8 33. Rcd1 Qc8 34. Nxg7
Qc6 35. Rd6 Rxg7 36. Rxc6 Rxg3 37. fxg3 1-0

[Event "FIDE World Bl Team Pool A"]
[Site "London ENG"]
[Date "2025.06.14"]
[Round "10.2"]
[White "Ahmad, Khagan"]
[Black "Ragnarsson, Dagur"]
[Result "1-0"]
[WhiteTitle "IM"]
[BlackTitle "IM"]
[WhiteElo "2394"]
[BlackElo "2349"]
[WhiteTeam "Turkish Airlines Sports Club"]
[BlackTeam "ChessbrahTV"]
[WhiteFideId "13431552"]
[BlackFideId "2304058"]
[EventDate "2025.06.14"]
[EventType "team"]

1. e4 c5 2. Nf3 Nc6 3. Bb5 g6 4. Bxc6 bxc6 5. d4 cxd4 6. Qxd4 f6 7. c4 d6 8. O-O
c5 9. Qd3 Nh6 10. Nc3 Rb8 11. a3 Bg7 12. b4 O-O 13. Bxh6 Bxh6 14. b5 Bg7 15.
Rad1 Qa5 16. Nd5 Rf7 17. Rfe1 a6 18. a4 e6 19. Nf4 Bf8 20. h4 Qc7 21. Qd2 Bh6
22. g4 e5 23. g5 fxg5 24. Nd5 Qd7 25. Nh2 Qh3 26. hxg5 Bg7 27. Qe3 Qh4 28. Qg3
Qxg3+ 29. fxg3 axb5 30. cxb5 Ra7 31. b6 Rxa4 32. Ne7+ Kf7 33. Nxc8 Rxc8 34. Rxd6
Rd4 35. b7 Rb8 36. Rb6 c4 37. Ng4 c3 38. Rf1+ Ke7 39. Ne3 Bf8 40. Nd5+ Ke8 41.
Rc6 Kd7 42. Rc7+ Ke8 43. Rc8+ 1-0

[Event "FIDE World Bl Team Pool A"]
[Site "London ENG"]
[Date "2025.06.14"]
[Round "10.3"]
[White "Delaney, Killian"]
[Black "Southcott-Moyers, Indy"]
[Result "1/2-1/2"]
[WhiteTitle "FM"]
[BlackTitle "FM"]
[WhiteElo "2275"]
[BlackElo "2289"]
[WhiteTeam "ChessbrahTV"]
[BlackTeam "Turkish Airlines Sports Club"]
[WhiteFideId "2501570"]
[BlackFideId "488542"]
[EventDate "2025.06.14"]
[EventType "team"]

1. e4 e5 2. Nf3 Nc6 3. Bc4 Bc5 4. c3 Nf6 5. d4 exd4 6. O-O Nxe4 7. cxd4 d5 8.
dxc5 dxc4 9. Qe2 Qd3 10. Re1 f5 11. Nc3 O-O 12. Nxe4 fxe4 13. Qxe4 Bf5 14. Qh4
Rae8 15. Bf4 Nd4 16. Nxd4 Qxd4 17. Qg3 Qd3 18. Bxc7 Qxg3 19. hxg3 Bd7 20. f3
Rxe1+ 21. Rxe1 Re8 22. Rd1 Bf5 23. Kf2 Bd3 24. Re1 Rxe1 25. Kxe1 Kf7 26. Kd2 Bf1
27. Ke3 Ke6 28. Bb8 a6 29. Bd6 g6 30. g4 Bxg2 31. Kf2 Bh1 32. Ke3 h5 33. gxh5
gxh5 34. Ke4 Bg2 35. Bg3 Bh1 36. Bh4 Bg2 37. Bg3 1/2-1/2

[Event "FIDE World Bl Team Pool A"]
[Site "London ENG"]
[Date "2025.06.14"]
[Round "10.4"]
[White "Lohia, Sohum"]
[Black "Vincent, Trevor"]
[Result "1/2-1/2"]
[WhiteTitle "FM"]
[WhiteElo "2364"]
[BlackElo "2226"]
[WhiteTeam "Turkish Airlines Sports Club"]
[BlackTeam "ChessbrahTV"]
[WhiteFideId "5819369"]
[BlackFideId "2605600"]
[EventDate "2025.06.14"]
[EventType "team"]

1. d4 Nf6 2. Bf4 g6 3. Nc3 d5 4. Qd2 c6 5. O-O-O Qa5 6. Kb1 Nbd7 7. Nf3 Nb6 8.
Ne5 Be6 9. f3 O-O-O 10. g4 Nfd7 11. Nxd7 Nc4 12. Qc1 Bxd7 13. e3 Bg7 14. Bxc4
dxc4 15. Ne4 b6 16. Qd2 f6 17. Qxa5 bxa5 18. Nc5 e5 19. dxe5 fxe5 20. Bg5 Bf8
21. Ne6 Re8 22. Nxf8 Rhxf8 23. Rhf1 e4 24. f4 Bxg4 25. Rd6 Re6 26. Rxe6 Bxe6 27.
Rd1 Bd5 28. Bh4 Rf5 29. Kc1 Kd7 30. Kd2 c5 31. Kc3 Kc6 32. Bg5 Rf7 33. Rg1 Rf5
34. Bh4 Rh5 35. Bg3 Rf5 36. h4 Bf7 37. Bf2 Rd5 38. Rh1 Rf5 39. Rg1 Rd5 40. a4
Rh5 41. Rg5 Rxg5 42. hxg5 Kd5 43. Be1 Be8 44. b3 cxb3 45. cxb3 Bc6 46. Bf2 a6
47. Be1 1/2-1/2

[Event "FIDE World Bl Team Pool A"]
[Site "London ENG"]
[Date "2025.06.14"]
[Round "10.5"]
[White "Garcia Martin, Marta"]
[Black "Lu, Miaoyi"]
[Result "0-1"]
[WhiteTitle "IM"]
[BlackTitle "IM"]
[WhiteElo "2339"]
[BlackElo "2452"]
[WhiteTeam "ChessbrahTV"]
[BlackTeam "Turkish Airlines Sports Club"]
[WhiteFideId "32084030"]
[BlackFideId "8618020"]
[EventDate "2025.06.14"]
[EventType "team"]

1. e4 e5 2. Nf3 Nc6 3. Bc4 Nf6 4. d3 Bc5 5. Nc3 h6 6. h3 d6 7. Na4 Bb6 8. a3 O-O
9. O-O Ne7 10. Nxb6 axb6 11. Re1 Ng6 12. d4 Re8 13. Bd3 exd4 14. Nxd4 Ne5 15.
Bf1 Bd7 16. Nb5 Bc6 17. Nc3 Ned7 18. f3 d5 19. exd5 Rxe1 20. Qxe1 Nxd5 21. Nxd5
Bxd5 22. Bd2 Nc5 23. Qg3 Qf6 24. Bc3 Qg5 25. Qxc7 Bxf3 26. Qe5 Qxe5 27. Bxe5 Be4
28. c3 Rd8 29. Re1 Rd2 30. Bd4 0-1

[Event "FIDE World Bl Team Pool A"]
[Site "London ENG"]
[Date "2025.06.14"]
[Round "10.6"]
[White "Yildiz, Ali Aras"]
[Black "Grose, Kameron"]
[Result "0-1"]
[WhiteElo "2089"]
[BlackElo "1907"]
[WhiteTeam "Turkish Airlines Sports Club"]
[BlackTeam "ChessbrahTV"]
[WhiteFideId "51619822"]
[BlackFideId "474010"]
[EventDate "2025.06.14"]
[EventType "team"]

1. e4 c5 2. Nf3 d6 3. c3 Nf6 4. h3 Nc6 5. Bd3 g6 6. Bc2 Bg7 7. d4 cxd4 8. cxd4
e6 9. Nc3 Bd7 10. O-O O-O 11. a3 a6 12. Bf4 Qe7 13. d5 Ne5 14. Nxe5 dxe5 15.
Bxe5 exd5 16. Bxf6 Qxf6 17. Nxd5 Qxb2 18. Rb1 Qxa3 19. Nb6 Bb5 20. Nxa8 Bxf1 21.
Qxf1 Rxa8 22. Rxb7 Qd6 23. Bb3 Rf8 24. Qc4 Qf4 25. g3 Qf3 26. Qxa6 Bd4 27. Qf1
Qxg3+ 28. Kh1 Bxf2 29. Qg2 Qe3 30. Bd5 Qe1+ 31. Kh2 Bd4 32. h4 Be5+ 33. Kh3 Qe3+
34. Kg4 h5# 0-1

[Event "FIDE World Bl Team Pool A"]
[Site "London ENG"]
[Date "2025.06.14"]
[Round "10.1"]
[White "Bjerre, Jonas Buhl"]
[Black "Moussard, Jules"]
[Result "1-0"]
[WhiteTitle "GM"]
[BlackTitle "GM"]
[WhiteElo "2651"]
[BlackElo "2597"]
[WhiteTeam "¡Ållez-Y Initiative!"]
[BlackTeam "Knight Dance"]
[WhiteFideId "1444948"]
[BlackFideId "642908"]
[EventDate "2025.06.14"]
[EventType "team"]

1. e4 c5 2. Nf3 g6 3. d4 cxd4 4. Nxd4 Nc6 5. c4 Bg7 6. Be3 Qb6 7. Nb5 Qa5+ 8.
N5c3 Qb4 9. Qd2 d6 10. a3 Qb3 11. Be2 Nf6 12. a4 Ng4 13. Bxg4 Bxg4 14. O-O Qxc4
15. Na3 Qb4 16. Nab5 O-O 17. a5 Rfc8 18. Ra4 Qb3 19. Ra3 Qc4 20. Ra4 Qb3 21. Ra3
Qe6 22. f3 Ne5 23. b3 Bh5 24. Nd5 Qd7 25. Nxa7 Rxa7 26. Bxa7 Re8 27. Bd4 e6 28.
Ne3 Qb5 29. g4 Nxf3+ 30. Rxf3 e5 31. Bb2 Bh6 32. gxh5 Qc5 33. Qf2 Rf8 34. Nd5
Qb5 35. hxg6 hxg6 36. Ra1 Kg7 37. Rf1 Qd7 38. Qg3 Qe6 39. Rf6 Qd7 40. Qf3 Bg5
41. Bc1 Bh4 42. Be3 Kg8 43. Qg2 Kg7 44. R6f3 Qe6 45. Qh3 Qxh3 46. Rxh3 Rh8 47.
Rhf3 Rf8 48. Rc1 1-0

[Event "FIDE World Bl Team Pool A"]
[Site "London ENG"]
[Date "2025.06.14"]
[Round "10.2"]
[White "Van Foreest, Jorden"]
[Black "Jacobsen, Mikkel Manosri"]
[Result "1-0"]
[WhiteTitle "GM"]
[BlackTitle "FM"]
[WhiteElo "2687"]
[BlackElo "2223"]
[WhiteTeam "Knight Dance"]
[BlackTeam "¡Ållez-Y Initiative!"]
[WhiteFideId "1039784"]
[BlackFideId "1444514"]
[EventDate "2025.06.14"]
[EventType "team"]

1. e4 c5 2. Nf3 Nf6 3. Nc3 d5 4. exd5 Nxd5 5. Bb5+ Bd7 6. Ne5 Nf6 7. Qf3 Qc8 8.
Bxd7+ Nbxd7 9. Nc4 a6 10. a4 e6 11. O-O Be7 12. Re1 O-O 13. d3 Re8 14. Bf4 Bf8
15. a5 Ra7 16. g4 e5 17. Bg3 h6 18. h4 e4 19. dxe4 Nb8 20. e5 Nxg4 21. e6 Rxe6
22. Bxb8 Qxb8 23. Rxe6 Qh2+ 24. Kf1 fxe6 25. Qxg4 b5 26. axb6 Rf7 27. Qg2 Qxh4
28. Ne4 g5 29. Rxa6 Bg7 30. Ra8+ Kh7 31. Ra7 Rxa7 32. bxa7 1-0

[Event "FIDE World Bl Team Pool A"]
[Site "London ENG"]
[Date "2025.06.14"]
[Round "10.3"]
[White "Muetsch, Annmarie"]
[Black "Dardha, Daniel"]
[Result "0-1"]
[WhiteTitle "WIM"]
[BlackTitle "GM"]
[WhiteElo "2271"]
[BlackElo "2646"]
[WhiteTeam "¡Ållez-Y Initiative!"]
[BlackTeam "Knight Dance"]
[WhiteFideId "12971367"]
[BlackFideId "240990"]
[EventDate "2025.06.14"]
[EventType "team"]

1. e4 c5 2. Nf3 d6 3. Bb5+ Bd7 4. c4 g6 5. Nc3 Bg7 6. O-O Nf6 7. d4 cxd4 8. Nxd4
O-O 9. Bxd7 Nbxd7 10. Re1 a6 11. b3 Rc8 12. Bb2 Re8 13. Rc1 Ne5 14. h3 Nfd7 15.
Nd5 e6 16. Ne3 Nc5 17. Rc2 Ned3 18. Ree2 Nxb2 19. Rxb2 Nxe4 20. Qd3 Nc5 21. Qd1
Qb6 22. Ng4 h5 23. Nh2 e5 24. Ndf3 e4 25. Nd4 Nd3 0-1

[Event "FIDE World Bl Team Pool A"]
[Site "London ENG"]
[Date "2025.06.14"]
[Round "10.4"]
[White "Maurizzi, Marc'Andria"]
[Black "Loftgaard, Mikkel Vinh"]
[Result "1-0"]
[WhiteTitle "GM"]
[BlackTitle "FM"]
[WhiteElo "2607"]
[BlackElo "2243"]
[WhiteTeam "Knight Dance"]
[BlackTeam "¡Ållez-Y Initiative!"]
[WhiteFideId "36083534"]
[BlackFideId "1468480"]
[EventDate "2025.06.14"]
[EventType "team"]

1. Nf3 e6 2. g3 Nf6 3. Bg2 b6 4. O-O Bb7 5. c4 d5 6. cxd5 exd5 7. d4 Be7 8. Nc3
O-O 9. Bf4 Nbd7 10. Rc1 c5 11. Ne5 cxd4 12. Qxd4 Nc5 13. Rfd1 Ne6 14. Qa4 Nxf4
15. gxf4 Bc5 16. e3 a6 17. b4 b5 18. Qb3 Bd6 19. Nxd5 Bxe5 20. Nxf6+ Qxf6 21.
Bxb7 Bb2 22. Rc6 Qf5 23. Bxa8 Rxa8 24. Qd5 Qg4+ 25. Kh1 Rf8 26. Rxa6 h5 27. Rd6
h4 28. Rd8 Rxd8 29. Qxd8+ Kh7 30. Qd5 Bf6 31. Rg1 Qe2 32. Kg2 Qg4+ 33. Kf1 Qc8
34. Qxb5 Qc1+ 35. Kg2 h3+ 36. Kxh3 Qxg1 37. Qh5+ Kg8 38. Qf3 Qb1 39. Qa8+ Kh7
40. a3 Qf1+ 41. Qg2 Qd3 42. a4 Qc4 43. b5 Qxa4 44. b6 Qb4 45. b7 g6 46. Qc6 Be7
47. Qd7 Bd6 48. Qxf7+ Kh6 49. Qd5 Kg7 50. Kg4 Qb6 51. h4 Qc7 52. h5 Qd7+ 53. Kf3 1-0

[Event "FIDE World Bl Team Pool A"]
[Site "London ENG"]
[Date "2025.06.14"]
[Round "10.5"]
[White "Jalving, August"]
[Black "Roebers, Eline"]
[Result "0-1"]
[WhiteTitle "CM"]
[BlackTitle "IM"]
[WhiteElo "2306"]
[BlackElo "2356"]
[WhiteTeam "¡Ållez-Y Initiative!"]
[BlackTeam "Knight Dance"]
[WhiteFideId "1471759"]
[BlackFideId "1058401"]
[EventDate "2025.06.14"]
[EventType "team"]

1. e4 c5 2. Nf3 e6 3. d4 cxd4 4. Nxd4 Nf6 5. Nc3 Nc6 6. Ndb5 Bc5 7. Nd6+ Ke7 8.
Bf4 e5 9. Nf5+ Kf8 10. Bg5 d6 11. Ne3 h6 12. Bxf6 Qxf6 13. Bc4 g6 14. Ncd5 Qd8
15. Qf3 Nd4 16. Qd1 b5 17. Bd3 Kg7 18. c3 Ne6 19. b4 Bxe3 20. fxe3 Bb7 21. O-O
Bxd5 22. exd5 Ng5 23. Bxb5 Qb6 24. Qe2 Ne4 25. Qf3 f5 26. Bc6 Nd2 27. Qf2 Nxf1
28. Bxa8 Nxe3 29. Bc6 f4 30. a4 a5 31. bxa5 Qxa5 32. Rb1 Qxc3 33. Qh4 Rf8 34. a5
Qc2 35. Rb7+ Kg8 36. Qf2 Qd1+ 0-1